Urbanisticko-architektonická štúdia športovo-rekračného areálu Slovenský Grob - Šúr, obytná časť

Salvato in:
Dettagli Bibliografici
Autore principale: Šubínová, Dominika, 1984- (Autore)
Altri autori: Keppl, Julián, 1950- (Relatore della tesi)
Natura: Manoscritto Libro
Lingua:slovacco
Pubblicazione: Bratislava : STU v Bratislave FA, 2010
Soggetti:
Accesso online:VAIS
Tags: Aggiungi Tag
Nessun Tag, puoi essere il primo ad aggiungerne!!

MARC

LEADER 00000ntm a22000003a 4500
001 stu219353
005 20220303102933.5
008 101214s2010----xo------------------slo-d
040 |a STU  |b slo 
041 0 |a slo 
044 |a xo 
100 1 |a Šubínová, Dominika,  |d 1984-  |4 aut  |u A  |T FAD Fakulta architektúry  |X 15902  |U A  |Y 50  |7 A000015902 
245 1 |a Urbanisticko-architektonická štúdia športovo-rekračného areálu Slovenský Grob - Šúr, obytná časť 
260 |a Bratislava :  |b STU v Bratislave FA,  |c 2010 
650 7 |a architektúra  |2 stusub 
650 7 |a architecture  |2 estusub 
650 7 |a voda  |2 stusub 
650 7 |a terén  |2 stusub 
650 7 |a water  |2 estusub 
650 7 |a relaxation  |2 estusub 
700 1 |a Keppl, Julián,  |d 1950-  |4 ths  |u A2120  |U FAD Fakulta architektúry  |T FA Ústav ekologickej a experimentálnej architektúry  |X 500  |U A2120  |Y 393  |7 A000000500 
856 4 |a info a plný text  |u http://is.stuba.sk/zp/portal_zp.pl?podrobnosti=63201  |3 VAIS  |u https://opac.crzp.sk/?fn=detailBiblioForm&sid=B3E4DED1CE64EF1DB29D3DD78C74